LDR 00577naa#a2200193#i#450# 001 EN\\bibl\121190 005 20260513024358.3 011 ## _a2409-1073 100 ## _a20141121b2014####ek#y0engy0150####ca 101 0# _aRUS 102 ## _aRU 200 1# _aStatistical Express-Analysis of Federal Targeted Programs Implementation _eJournal article 210 1# _aMoscow _cNational Research University of Electronic Technology _d2014 215 ## _a4 с. 608 ## _aJournal article _2local 675 ## _a. 519.25:656 _zRUS 700 #1 _aBistrov _gO F 700 #1 _aPotemkin _gP O 856 4# _aesgi-journal.ru _u